China the World and India / (Record no. 65986)

MARC details
000 -LEADER
fixed length control field 00483nam a22001577a 4500
005 - DATE AND TIME OF LATEST TRANSACTION
control field 20120502124020.0
008 - FIXED-LENGTH DATA ELEMENTS--GENERAL INFORMATION
fixed length control field 120502t xxu||||| |||| 00| 0 eng d
020 ## - INTERNATIONAL STANDARD BOOK NUMBER
Terms of availability 950.00
International Standard Book Number 8181160231
035 ## - SYSTEM CONTROL NUMBER
System control number B-162077
040 ## - CATALOGING SOURCE
Original cataloging agency DPL
Language of cataloging ENG
100 ## - MAIN ENTRY--PERSONAL NAME
Personal name Sinha, Bhattacharjea Mira
9 (RLIN) 46210
245 ## - TITLE STATEMENT
Title China the World and India /
Statement of responsibility, etc by Mira Sinha Bhattacharjea
260 ## - PUBLICATION, DISTRIBUTION, ETC. (IMPRINT)
Place of publication, distribution, etc New Delhi
Name of publisher, distributor, etc Samskriti
Date of publication, distribution, etc 2001
300 ## - PHYSICAL DESCRIPTION
Extent xv, 480p.
Dimensions 22cm
942 ## - ADDED ENTRY ELEMENTS (KOHA)
Source of classification or shelving scheme Dewey Decimal Classification
Item type English Books
Classification part 327.54051
Call number suffix SIN

No items available.


© Delhi Public Library
Hit Counter
free hit counter